Landlocked Countries - Statistics

General Stats
  • This quiz has been taken 80 times
    79 since last reset
  • The average score is 37 of 45
Answer Stats
Answer % Correct
Switzerland
99%
Chad
97%
Austria
93%
Uzbekistan
91%
Andorra
90%
Czech Republic
90%
Lesotho
90%
Liechtenstein
88%
Tajikistan
88%
Kazakhstan
87%
Mali
87%
Turkmenistan
87%
Rwanda
85%
Central African Republic
84%
Hungary
84%
Mongolia
84%
Nepal
84%
Paraguay
84%
San Marino
84%
Slovakia
84%
South Sudan
84%
Swaziland
84%
Zambia
84%
Zimbabwe
84%
Afghanistan
82%
Azerbaijan
82%
Luxembourg
82%
Vatican City
82%
Armenia
81%
Belarus
81%
Bolivia
81%
Kyrgyzstan
81%
Uganda
81%
Kosovo
79%
Bhutan
78%
Burundi
78%
Niger
78%
Serbia
78%
Botswana
76%
Laos
76%
Malawi
76%
Moldova
76%
Burkina Faso
75%
Macedonia
74%
Ethiopia
69%
No matching quizzes found
Score Distribution
Percent of People with Each Score
Percentile by Number Answered
Your Score History
You have not taken this quiz since the last reset